| 000 | 01812nam a2200253 a 4500 | ||
|---|---|---|---|
| 008 | 080911s1993 ||||||||||||||||| || u | ||
| 020 | _a0826460224 | ||
| 050 | _aHF 5635 Jen | ||
| 100 | _aJennings, A R | ||
| 245 | 1 | 0 |
_aFinancial Accounting 2nd ed. _cA. R. Jennings |
| 250 | _a2nd ed. | ||
| 260 |
_aLondon _bLetts Educational _c1993 |
||
| 300 | _a652p.: ill. | ||
| 350 | _a90000.00 | ||
| 650 | 0 | _aACCOUNTING--HANDBOOKS, MANUALS, ETC | |
| 995 |
_aMAIN LIBRARY OPEN ACCESS _D90000.00 _e738538 _FCBU-MAIN LIBRARY (Kitwe) _H1 _I0.00 _jHF 5635 Jen _M2 _UAVAILABLE _WSep 11, 2008 _y738538 _ZMain Library Open Access Collection |
||
| 995 |
_aTEXTBOOKS (SB) _D90000.00 _e01005 _FCBU-SCHOOL TEXTBOOK COLLECTIONS _H1 _I0.00 _jSCHOOL TEXTBOOK _M7 _UAVAILABLE _WSep 21, 2009 _y01005 _ZSchool Collections |
||
| 995 |
_aANNEX COLLECTION (Main Library) _D90000.00 _e738540 _FCBU-MAIN LIBRARY (Kitwe) _H1 _I0.00 _jHF 5635 Jen _M4 _UAVAILABLE _WSep 11, 2008 _y738540 _ZAnnex Low-Usage Collection |
||
| 995 |
_aTEXTBOOKS (SNR) _D90000.00 _e4106 _FCBU-SCHOOL TEXTBOOK COLLECTIONS _H1 _I0.00 _jSCHOOL TEXTBOOK _M6 _UAVAILABLE _WAug 4, 2009 _y4106 _ZSchool Collections |
||
| 995 |
_aMAIN LIBRARY OPEN ACCESS _D90000.00 _e738539 _FCBU-MAIN LIBRARY (Kitwe) _H1 _I0.00 _jHF 5635 Jen _M3 _UAVAILABLE _WSep 11, 2008 _y738539 _ZMain Library Open Access Collection |
||
| 995 |
_aANNEX COLLECTION (Main Library) _D90000.00 _e738537 _FCBU-MAIN LIBRARY (Kitwe) _H1 _I0.00 _jHF 5635 Jen _M1 _UAVAILABLE _WSep 11, 2008 _y738537 _ZAnnex Low-Usage Collection |
||
| 995 |
_aTEXTBOOKS (SB) _D90000.00 _e01006 _FCBU-SCHOOL TEXTBOOK COLLECTIONS _H1 _I0.00 _jSCHOOL TEXTBOOK _M8 _UAVAILABLE _WSep 21, 2009 _y01006 _ZSchool Collections |
||
| 995 |
_aANNEX COLLECTION (Main Library) _D90000.00 _e738541 _FCBU-MAIN LIBRARY (Kitwe) _H1 _I0.00 _jHF 5635 Jen _M5 _UAVAILABLE _WSep 11, 2008 _y738541 _ZAnnex Low-Usage Collection |
||
| 999 |
_c63051 _d63051 |
||